| 000 | 00414nam a2200169Ia 4500 | ||
|---|---|---|---|
| 999 |
_c7107 _d7107 |
||
| 008 | 141014s9999||||xx |||||||||||||| ||und|| | ||
| 010 | _a6957 | ||
| 020 | _aSISBN | ||
| 040 | _aANE | ||
| 041 | _aEs | ||
| 082 | _a333.5866 Z88 | ||
| 100 | _aZorrilla de Durán, Martha | ||
| 245 |
_aEl Arrendamiento Mercantil Inmobiliario en el Ecuador _cZorrilla de Durán, Martha |
||
| 250 | _aS/E | ||
| 260 |
_aGuayaquil-Ecuador _c1988 |
||
| 300 |
_a166 p _c21 cm |
||
| 500 | _aPrólogo | ||
| 500 | _aExordio | ||
| 500 | _aBibliografía | ||
| 650 | _aArrendamiento Mercantil | ||
| 942 |
_cBK _2ddc _zNr. |
||